000 00554nam a2200193 i 4500
001 150704
003 ES-MaACL
005 20251203063031.0
007 t|
008 071106q19501959sp ||||1| spa d
100 1 _aBergua, Juan B.,
_d1892-1991
_928018
245 1 3 _aEl gusano de seda y su industria /
_cJesús de Federico.
250 _a2ª ed.
260 _aMadrid :
_bEdic. Ibéricas,
_c[195-?]
300 _a70 p. ;
_c19 cm.
650 4 _aSericicultura.
_9136864
852 _aES-MaACL
_j1947-F-10
_bR.32630
999 _c150704
_d150704